000 00382nam a22001337a 4500
082 _a891.439
_bSIR
_cL-28, P-116
100 _aRasheed amjad
_946085
245 _aPakistani Adab tanqeed
_cAmjad rasheed
260 _aRawalpindi.
_bFederal Government
_cc1986.
300 _a1054 p.
_bill.
_c24 cm.
526 _a0
_b0
_c0
_d891_439000000000000_SIR
650 _aMCE
_9379
942 _2ddc
_cBK
999 _c549429
_d549429